[Event "RUS-ch51"]
[Site "St Petersburg"]
[Date "1998.08.03"]
[Round "7"]
[White "Potapov, Alexander"]
[Black "Najer, Evgeniy"]
[Result "0-1"]
[WhiteElo "2475"]
[BlackElo "2535"]

1.f4 d5 2.Nf3 g6 3.g3 Bg7 4.Bg2 Nh6 5.Nc3 O-O 6.O-O c6 7.d4 Nf5 8.e3 Nd6
9.b3 Bg4 10.h3 Bxf3 11.Bxf3 Nd7 12.Qd3 Rc8 13.Bb2 e6 14.b4 a5 15.a3 Nc4 16.Nd1 axb4
17.axb4 Ra8 18.Qc3 Ndb6 19.Be2 Na4 20.Rxa4 Rxa4 21.Bxc4 dxc4 22.Qxc4 Qa5
23.c3 Qd5 24.Qxd5 exd5 25.Kf2 b6 26.Ke2 c5 27.bxc5 bxc5 28.dxc5 Rc8 29.Kd3 Rxc5
30.Rf2 Rb5 31.Kc2 Kf8 32.Rd2 Ke7 33.Nf2 Rc4 34.Kd3 Ke6 35.Rc2 Rc7 36.Nd1 Rb3
37.Re2 Bf8 38.e4 dxe4+ 39.Rxe4+ Kd7 40.Ra4 Bg7 41.Kc2 Rb6 42.Ra8 Re6 43.Kd2 h5
44.h4 Rb7 45.Ba3 Kc6 46.Rc8+ Kb5 47.Nb2 Rd7+ 48.Nd3 Rc6 49.Rxc6 Kxc6 50.Bb4 Kd5
51.Nb2 Ke4+ 52.Ke2 Ra7 53.Nc4 Ra2+ 54.Nd2+ Kf5 55.Ke3 Kg4 56.c4 Kxg3 57.Bd6 f5
58.c5 Ra3+ 59.Ke2 Bd4 60.c6 Re3+ 61.Kd1 Rc3 62.c7 Bb6 63.Be5 Rc6 64.Ne4+ fxe4
65.f5+ Kf3  0-1

[Event "RUS-ch51"]
[Site "St Petersburg"]
[Date "1998.08.04"]
[Round "8"]
[White "Najer, Evgeniy"]
[Black "Rustemov, Alexander"]
[Result "1/2-1/2"]
[WhiteElo "2535"]
[BlackElo "2570"]

1.e4 c6 2.d4 d5 3.Nd2 dxe4 4.Nxe4 Bf5 5.Ng3 Bg6 6.N1e2 e6 7.Nf4 Qh4 8.c3 Nd7
9.Qf3 Ngf6 10.Be3 Bd6 11.O-O-O Qg4 12.Be2 Qxf3 13.Bxf3 Nd5 14.Nxg6 hxg6 15.Ne4 Be7
16.Bd2 N5f6 17.Ng5 Nh7 18.h4 Nxg5 19.hxg5 O-O-O 20.Kc2 Nb6 21.Be2 Nd5 22.a3 Nc7
23.Be3 Nd5 24.Bc1 Nc7 25.f4 Bd6 26.g3 Nd5 27.c4 Ne7 28.g4 a6 29.Bf3 Kd7 30.Kd3 b5
31.b3 Rb8 32.Kc2 a5 33.Rxh8 Rxh8 34.Rh1 Rxh1 35.Bxh1 a4 36.Be4 axb3+ 37.Kxb3 bxc4+
38.Kxc4 Kc7 39.a4 Kb6 40.Bd2 Nd5 41.f5 gxf5 42.gxf5 exf5 43.a5+ Ka6 44.Bxf5 Kb7
45.Bd7 Nc7 46.Bf5 Be7 47.Kd3 g6 48.Bd7 f6 49.gxf6 Bxf6 50.Bf4 Nd5 51.Bd2 Be7
52.Be8 g5 53.Bd7 Nc7 54.Kc4 Bd8 55.Kd3 Bf6 56.Kc4 Bd8 57.Kd3 Bf6  1/2-1/2

[Event "RUS-ch51"]
[Site "St Petersburg"]
[Date "1998.08.06"]
[Round "10"]
[White "Sveshnikov, Evgeny"]
[Black "Najer, Evgeniy"]
[Result "1-0"]
[WhiteElo "2575"]
[BlackElo "2535"]

1.e4 c5 2.c3 d5 3.exd5 Qxd5 4.d4 g6 5.Nf3 Bg7 6.Na3 cxd4 7.Bc4 Qe4+ 8.Be3 Nh6
9.cxd4 O-O 10.O-O Bg4 11.Bxh6 Bxh6 12.Re1 Bxf3 13.Rxe4 Bxd1 14.Rxd1 Bg5 15.Re5 Bf6
16.Rb5 Nc6 17.d5 a6 18.Rxb7 Na5 19.Rb6 Rfb8 20.Rxb8+ Rxb8 21.b3 Bb2 22.Nc2 Nxc4
23.bxc4 Be5 24.Ne1 Bd6 25.Nd3 Ba3 26.Kf1 f6 27.Rd2 Kf7 28.c5 Rd8 29.Nf4 Rb8
30.Rc2  1-0

[Event "Groningen op"]
[Site "Groningen"]
[Date "1998.12.26"]
[Round "6"]
[White "Vehi Bach, Victor Manuel"]
[Black "Najer, Evgeniy"]
[Result "0-1"]
[WhiteElo "2390"]
[BlackElo "2535"]

1.e4 c5 2.Nf3 d6 3.d4 cxd4 4.Nxd4 Nf6 5.Nc3 a6 6.Be3 e6 7.Be2 Be7 8.O-O O-O
9.f4 Nc6 10.a4 Qc7 11.Kh1 Re8 12.Bf3 Nxd4 13.Bxd4 e5 14.Be3 exf4 15.Bxf4 Be6
16.Qe1 Nd7 17.Qg3 Ne5 18.Rad1 Rad8 19.Bh5 Ng6 20.Bxg6 hxg6 21.Rd2 Qc6 22.Rfd1 b5
23.axb5 axb5 24.Nd5 Bxd5 25.exd5 Qd7 26.Re2 Bf8 27.Rde1 Rxe2 28.Rxe2 Qa7
29.c3 Qa2 30.h3 Qxd5 31.Rd2 Qf5 32.Bxd6 Qe6 33.Bf4 Rxd2 34.Bxd2 Qb3 35.Qe1 Qxb2
36.Bf4 Qc2 37.Qe8 Qd3 38.Kh2 Qd5 39.h4 Qc5 40.Be5 Qd5 41.Bg3 Qc5 42.Be5 Kh7
43.Bd4 Bd6+ 44.g3 Qh5 45.Kg2 Qd5+ 46.Kf2 b4  0-1

[Event "Groningen op"]
[Site "Groningen"]
[Date "1998.12.30"]
[Round "10"]
[White "Najer, Evgeniy"]
[Black "Epishin, Vladimir"]
[Result "1/2-1/2"]
[WhiteElo "2535"]
[BlackElo "2585"]

1.e4 c6 2.d4 d5 3.Nd2 dxe4 4.Nxe4 Bf5 5.Ng3 Bg6 6.h4 h6 7.Nf3 Nf6 8.Ne5 Bh7
9.c3 e6 10.Nh5 Nbd7 11.Nxd7 Nxd7 12.Qg4 Nf6 13.Nxf6+ Qxf6 14.Bf4 Rd8 15.Be5 Qf5
16.Qxf5 Bxf5 17.a4  1/2-1/2

[Event "Moscow-ch op"]
[Site "Moscow"]
[Date "1998.??.??"]
[Round "1"]
[White "Suknev, Sergei V"]
[Black "Najer, Evgeniy"]
[Result "0-1"]
[WhiteElo "2275"]
[BlackElo "2500"]

1.e4 e5 2.Nf3 Nc6 3.Bb5 Nd4 4.Bc4 Bc5 5.c3 Nxf3+ 6.Qxf3 Qf6 7.Qg3 d6 8.d3 Qg6
9.Qxg6 hxg6 10.Nd2 a6 11.Nf1 Nf6 12.Be3 Bxe3 13.Nxe3 Ke7 14.f3 Bd7 15.d4 Rh5
16.O-O-O b5 17.Bb3 c6 18.h3 a5 19.g4 Rhh8 20.dxe5 dxe5 21.g5 Nh5 22.Bxf7 Nf4
23.Rd2 Bxh3 24.Bb3 a4 25.Bc2 Be6 26.Rg1 Rad8 27.Rxd8 Rxd8 28.Kb1 Rd2 29.c4 Re2
30.Ng4 Bxc4 31.Nxe5 Bxa2+ 32.Kc1 Kd6 33.Ng4 Kc5 34.Rd1 Rxc2+ 35.Kxc2 Bb3+
36.Kd2 Bxd1 37.Kxd1 Kd4 38.Kd2 Nd3  0-1

[Event "Petrov mem"]
[Site "St Petersburg"]
[Date "1998.??.??"]
[Round "2"]
[White "Najer, Evgeniy"]
[Black "Kastanieda, Georgiy"]
[Result "1-0"]
[WhiteElo "2500"]
[BlackElo "2395"]

1.e4 e6 2.d4 d5 3.Nd2 c5 4.Ngf3 Nf6 5.e5 Nfd7 6.c3 Nc6 7.Bd3 Qb6 8.O-O g6
9.dxc5 Qc7 10.Nb3 Bg7 11.Nfd4 Qxe5 12.f4 Qf6 13.f5 gxf5 14.Bxf5 Nxd4 15.Nxd4 exf5
16.Nxf5 Nxc5 17.Qxd5 Bxf5 18.Qxc5 Rc8 19.Re1+ Kd7 20.Qd5+ Kc7 21.Bf4+ Kb6
22.Re5  1-0

[Event "Petrov mem"]
[Site "St Petersburg"]
[Date "1998.??.??"]
[Round "3"]
[White "Galkin, Alexander"]
[Black "Najer, Evgeniy"]
[Result "1/2-1/2"]
[WhiteElo "2565"]
[BlackElo "2500"]

1.e4 e6 2.d4 d5 3.Nc3 Bb4 4.e5 c5 5.a3 Bxc3+ 6.bxc3 Ne7 7.Nf3 b6 8.a4 Ba6
9.Bxa6 Nxa6 10.Qe2 Nb8 11.dxc5 Qc7 12.O-O Qxc5 13.Qd2 Nbc6 14.Ba3 Qc4 15.Nd4 h6
16.f4 Nxd4 17.cxd4 Nf5 18.c3 h5 19.a5 b5 20.a6 Kd7 21.Bb4  1/2-1/2

[Event "Petrov mem"]
[Site "St Petersburg"]
[Date "1998.??.??"]
[Round "5"]
[White "Vaulin, Alexander"]
[Black "Najer, Evgeniy"]
[Result "1/2-1/2"]
[WhiteElo "2535"]
[BlackElo "2500"]

1.d4 d5 2.c4 c6 3.Nf3 Nf6 4.e3 Bf5 5.cxd5 cxd5 6.Qb3 Qb6 7.Nc3 Qxb3 8.axb3 Bd7
9.b4 Nc6 10.b5 Nb4 11.Ra4 a5 12.Ne5 e6 13.f3 Bd6 14.Bd2 O-O 15.Kf2  1/2-1/2

[Event "Petrov mem"]
[Site "St Petersburg"]
[Date "1998.??.??"]
[Round "9"]
[White "Najer, Evgeniy"]
[Black "Ionov, Sergey"]
[Result "0-1"]
[WhiteElo "2500"]
[BlackElo "2530"]

1.e4 c5 2.Nc3 e6 3.Nf3 a6 4.g3 b5 5.Bg2 Bb7 6.d3 d6 7.O-O Nf6 8.Ng5 Nc6 9.f4 Be7
10.f5 exf5 11.exf5 d5 12.Nxd5 Nxd5 13.Qh5 Bxg5 14.Bxg5 Nf6 15.Rae1+ Kf8 16.Bxf6 Qxf6
17.Re6 Qd4+ 18.Rf2 Qd7 19.f6 Qxe6 20.Qxc5+ Ke8 21.Bd5 Qd7 22.Qe3+ Kd8 23.fxg7 Re8
24.Rxf7 Ne7 25.Qb6+ Qc7 26.Qxb7 Qc5+ 27.Kf1 Qxd5 28.Qxe7+ Rxe7 29.g8=Q+ Re8
30.Qxh7 Qh1+ 31.Kf2 Qe1+ 32.Kg2 Qe2+ 33.Rf2 Qe6 34.h4 Rc8 35.Qg7 Rc7 36.Qd4+ Rd7
37.Qc5 Qd5+ 38.Qxd5 Rxd5 39.g4 Rd4  0-1

[Event "RUS-Cup03 (Geller mem)"]
[Site "Moscow"]
[Date "1999.02.11"]
[Round "2"]
[White "Zaitsev, Vadim"]
[Black "Najer, Evgeniy"]
[Result "1/2-1/2"]
[WhiteElo "2412"]
[BlackElo "2522"]

1.Nf3 c5 2.g3 Nc6 3.Bg2 e5 4.O-O d5 5.d3 Bd6 6.Nc3 Nge7 7.e4 d4 8.Nd5 O-O
9.c4 Bg4 10.h3 Bh5 11.a3 Rb8 12.Bd2 b5 13.b3 Qc8 14.Kh2 bxc4 15.bxc4 f5 16.exf5 Rxf5
17.Nxe7+ Nxe7 18.Kg1 Rf8 19.g4 Bg6 20.Qe2 Rb2 21.Rab1 Ra2 22.Ra1 Rb2 23.Rab1  1/2-1/2

[Event "RUS-Cup03 (Geller mem)"]
[Site "Moscow"]
[Date "1999.02.13"]
[Round "4"]
[White "Igriashvili, Zurab"]
[Black "Najer, Evgeniy"]
[Result "0-1"]
[WhiteElo "2327"]
[BlackElo "2522"]

1.e4 c5 2.Nf3 d6 3.d4 cxd4 4.Nxd4 Nf6 5.Nc3 a6 6.Bg5 e6 7.f4 Be7 8.Qf3 Qc7
9.O-O-O Nbd7 10.g4 b5 11.Bxf6 Nxf6 12.g5 Nd7 13.Bh3 Nb6 14.a3 Bd7 15.Rhg1 g6
16.f5 e5 17.Nde2 Bc6 18.b3 Rb8 19.Qd3 Qb7 20.f6 Bf8 21.Rge1 h6 22.Bg4 hxg5
23.Nd4 Rxh2 24.Nf3 Rg2 25.Rg1 Rxg1 26.Rxg1 Nd7 27.Bxd7+ Qxd7 28.Qe3 Qh3 29.Qa7 Ra8
30.Qb6 Rc8 31.Qxa6 Bd7 32.Nd5 Qxf3 33.Rd1 Qxe4 34.c4 bxc4 35.Qb7 cxb3+ 36.Nc7+ Rxc7+
37.Qxc7 Qc2+ 38.Qxc2 bxc2 39.Rh1 Ba4 40.Kb2 d5  0-1

[Event "RUS-Cup03 (Geller mem)"]
[Site "Moscow"]
[Date "1999.02.14"]
[Round "5"]
[White "Najer, Evgeniy"]
[Black "Gutov, Andrei"]
[Result "1-0"]
[WhiteElo "2522"]
[BlackElo "2278"]

1.e4 e5 2.Nf3 Nf6 3.Nc3 Nc6 4.Bb5 Nd4 5.Ba4 c6 6.Nxe5 d6 7.Nd3 b5 8.Bb3 a5
9.a3 Qb6 10.Nf4 g6 11.d3 Bg7 12.h3 Nxb3 13.cxb3 O-O 14.Be3 Qb7 15.O-O Bd7
16.b4 axb4 17.axb4 Rxa1 18.Qxa1 Ra8 19.Qc1 Ne8 20.Nfe2 Nc7 21.Bh6 Bh8 22.Qf4 Be5
23.Qh4 Na6 24.d4 Bh8 25.e5 dxe5 26.Ne4 f5 27.Nf6+  1-0

[Event "Swidnica op"]
[Site "Swidnica"]
[Date "1999.07.05"]
[Round "8"]
[White "Zulfugarli, Magomed"]
[Black "Najer, Evgeniy"]
[Result "1-0"]
[WhiteElo "2359"]
[BlackElo "2522"]

1.e4 c5 2.Nf3 d6 3.d4 cxd4 4.Nxd4 Nf6 5.Nc3 a6 6.Be3 e6 7.g4 h6 8.h3 b5 9.Bg2 Bb7
10.a3 Nbd7 11.Qe2 Rc8 12.O-O Be7 13.e5 Bxg2 14.exf6 Bxf1 15.fxe7 Bxe2 16.exd8=Q+ Kxd8
17.Ndxe2 Ne5 18.Rd1 Ke7 19.Kg2 Nc4 20.Bc1 Rc7 21.Ne4 Rd8 22.Nd4 d5 23.Ng3 Rdc8
24.Nh5 Kf8 25.h4 Rb7 26.Re1 Kg8 27.b3 Nd6 28.Bb2 Ne4 29.f3 Nc3 30.Kg3 b4
31.a4 Rbc7 32.Nf4 Rb7 33.g5 hxg5 34.hxg5 g6 35.Nd3 Rb6 36.Ne5 Kg7 37.Ne2 Rb7
38.Nxc3 bxc3 39.Ba3 Rbc7 40.Bd6 Rb7 41.Ng4  1-0

[Event "Chigorin mem"]
[Site "St Petersburg"]
[Date "1999.11.03"]
[Round "2"]
[White "Yagupov, Igor"]
[Black "Najer, Evgeniy"]
[Result "1/2-1/2"]
[WhiteElo "2449"]
[BlackElo "2562"]

1.e4 c5 2.Nf3 d6 3.d4 cxd4 4.Nxd4 Nf6 5.Nc3 a6 6.Be3 e6 7.a4 Nc6 8.Be2 Be7
9.O-O O-O 10.f4 Qc7 11.Kh1 Re8 12.Bf3 Bf8 13.Nb3 b6 14.a5 Nd7 15.axb6 Nxb6
16.Nb5 axb5 17.Bxb6 Qb8 18.Rxa8 Qxa8 19.Qd3 e5 20.f5 Nb4 21.Qe2 Qc6 22.Ba5 Qxc2
23.Bxb4 Qxb3 24.Qxb5 Re7 25.Qa5 Qxb2 26.Bxd6 Re8 27.Bxf8  1/2-1/2

[Event "Chigorin mem"]
[Site "St Petersburg"]
[Date "1999.11.04"]
[Round "3"]
[White "Najer, Evgeniy"]
[Black "Kholmov, Ratmir D"]
[Result "1/2-1/2"]
[WhiteElo "2562"]
[BlackElo "2464"]

1.d4 d5 2.c4 e6 3.Nc3 Be7 4.Nf3 Nf6 5.Bg5 O-O 6.e3 h6 7.Bh4 Ne4 8.Bxe7 Qxe7
9.Qc2 Nxc3 10.Qxc3 c6 11.Bd3 Nd7 12.O-O dxc4 13.Bxc4 c5 14.e4 cxd4 15.Nxd4 Nb6
16.Bb3 Bd7 17.Qc7 Rab8 18.Qe5 Qf6 19.Qxf6 gxf6 20.Rfd1 Rfd8 21.Rd3 Kf8 22.Rad1 Ke7
23.f3 Rbc8 24.Kf2 a5 25.a3 e5 26.Nf5+ Bxf5 27.Rxd8 Rxd8 28.Rxd8 Kxd8 29.exf5 Ke7
30.Ke3 Nc8 31.Ke4 Nd6+ 32.Kd5 Nxf5 33.Kc5 Nh4 34.Bd5 Nxg2 35.Bxb7 Ne1 36.Kb5 Nd3
37.b3 Kd6 38.Be4 Nc5 39.Bc2 f5 40.Kxa5 e4 41.b4 Nd3 42.fxe4 fxe4 43.b5 f5
44.b6 Nc5 45.Kb5 f4 46.b7 Nxb7 47.Bxe4 Nc5 48.Bh1 Nd7 49.a4 Ne5 50.a5 f3
51.a6 Kc7 52.h3 h5 53.Kc5 f2 54.Bg2 Nd3+ 55.Kd4 Nf4 56.Bf1 Kb6 57.Ke3 Nxh3
58.Bxh3 Kxa6 59.Kxf2  1/2-1/2

[Event "Chigorin mem"]
[Site "St Petersburg"]
[Date "1999.11.07"]
[Round "6"]
[White "Lastin, Alexander"]
[Black "Najer, Evgeniy"]
[Result "1/2-1/2"]
[WhiteElo "2552"]
[BlackElo "2562"]

1.Nf3 Nf6 2.c4 d6 3.d4 Nbd7 4.Nc3 e5 5.e4 Be7 6.Be2 O-O 7.O-O c6 8.Qc2 Re8
9.Rd1 Qc7 10.Rb1 Nf8 11.h3 b6 12.Be3 Bb7 13.b4 N8d7 14.a3 Bf8  1/2-1/2

[Event "Chigorin mem"]
[Site "St Petersburg"]
[Date "1999.11.08"]
[Round "7"]
[White "Najer, Evgeniy"]
[Black "Ovetchkin, Roman"]
[Result "1-0"]
[WhiteElo "2562"]
[BlackElo "2505"]

1.e4 c6 2.d4 d5 3.e5 Bf5 4.Nf3 e6 5.Be2 Nd7 6.O-O h6 7.Nbd2 Bh7 8.Re1 Ne7
9.Nf1 c5 10.c4 a6 11.dxc5 dxc4 12.Qa4 Nc6 13.Qxc4 Bxc5 14.Be3 Bxe3 15.Nxe3 O-O
16.Qc3 Rc8 17.Nc4 Ne7 18.Qa3 Nd5 19.Rad1 Rc5 20.Ne3 Nxe3 21.Qxe3 Rc7 22.Rd6 Qe7
23.Red1 Rfc8 24.h4 Nf8 25.R1d4 Rc1+ 26.Kh2 Bg6 27.a3 Bf5 28.Rb4 R1c7 29.Qf4 Ng6
30.Qg3 Nf8 31.h5 a5 32.Rb3 Be4 33.Nd4 Bd5 34.Re3 Qg5 35.Bg4 Rc4 36.f4 Qxg4
37.Qxg4 Rxd4 38.Rg3 g6 39.hxg6 fxg6 40.Qh4 Rc7 41.Rd8  1-0

[Event "Young Masters"]
[Site "Groningen NED"]
[Date "1999.12.19"]
[Round "1"]
[White "Vink,N"]
[Black "Najer,E"]
[Result "0-1"]
[WhiteElo "2271"]
[BlackElo "2562"]

1.e4 c5 2.Nf3 d6 3.d4 cxd4 4.Nxd4 Nf6 5.Nc3 a6 6.Bc4 e6 7.O-O b5 8.Bb3 Be7
9.Qf3 Qc7 10.Re1 Nc6 11.e5 Nxd4 12.Qxa8 dxe5 13.Bg5 O-O 14.Bxf6 gxf6 15.Qe4 Bb7
16.Qd3 Kh8 17.Re3 f5 18.Ne2 Bc5 19.Rh3 Rg8 20.Rg3 Rxg3 21.Nxg3 Qc6 22.Qf1 f4
23.Nh5 f3 24.g3 e4 25.Nf6 Kg7 26.Ng4 e3 27.Qh3 exf2+ 28.Kf1 Nf5 29.Qh5 Be3
30.Rd1 Qe4  0-1

[Event "Young Masters"]
[Site "Groningen NED"]
[Date "1999.12.21"]
[Round "3"]
[White "Geurink,J"]
[Black "Najer,E"]
[Result "0-1"]
[WhiteElo "2300"]
[BlackElo "2562"]

1.e4 c5 2.d3 Nc6 3.g3 g6 4.Bg2 Bg7 5.f4 e6 6.Nh3 Nge7 7.Nf2 O-O 8.Nd2 d6
9.h4 h5 10.g4 hxg4 11.Nxg4 e5 12.h5 exf4 13.h6 Be5 14.c3 Kh8 15.Nb3 g5 16.d4 cxd4
17.cxd4 Nxd4 18.Nxd4 Bxg4 19.Qxg4 Bxd4 20.Kf1 f5 21.Qxg5 f3 22.Bh3 Qa5 23.Be3 Qb5+
24.Kg1 Bxe3+ 25.Qxe3 Rg8+ 26.Kf2 Qxb2+ 27.Kxf3 fxe4+ 28.Kxe4 Qe5+  0-1

[Event "Young Masters"]
[Site "Groningen NED"]
[Date "1999.12.23"]
[Round "5"]
[White "Van der Weide,K"]
[Black "Najer,E"]
[Result "1/2-1/2"]
[WhiteElo "2434"]
[BlackElo "2562"]

1.e4 c5 2.Nf3 d6 3.d4 cxd4 4.Nxd4 Nf6 5.Nc3 a6 6.f4 e5 7.Nf3 Nbd7 8.a4 Be7
9.Bd3 O-O 10.O-O Nc5 11.Kh1 d5 12.Nxe5 Nfxe4 13.Bxe4 dxe4 14.Nd5 f6 15.Nxe7+ Qxe7
16.Nc4 Be6 17.Ne3 b5 18.axb5 axb5 19.Bd2 Nd7 20.Rxa8 Rxa8 21.Bc3 Nb6 22.Qd4 Nc4
23.Qxe4 Re8 24.Nxc4 Bxc4 25.Qxe7 Rxe7  1/2-1/2

[Event "Young Masters"]
[Site "Groningen NED"]
[Date "1999.12.24"]
[Round "6"]
[White "Najer,E"]
[Black "Visser,Y"]
[Result "1-0"]
[WhiteElo "2562"]
[BlackElo "2378"]

1.e4 e6 2.d4 d5 3.Nd2 Nf6 4.e5 Nfd7 5.Ngf3 c5 6.c3 Nc6 7.Bd3 g6 8.h4 Bg7
9.h5 f6 10.hxg6 fxe5 11.Rxh7 Rxh7 12.gxh7 e4 13.Bxe4 dxe4 14.Nxe4 Nf6 15.Bg5 Qd5
16.Nxf6+ Bxf6 17.Qd3  1-0

[Event "Petroff Mem Open"]
[Site "St Petersburg RUS"]
[Date "2000.02.09"]
[Round "3"]
[White "Najer,E"]
[Black "Solovjov,S"]
[Result "1-0"]
[WhiteElo "2572"]
[BlackElo "2449"]

1.e4 e5 2.Nf3 Nc6 3.d4 exd4 4.Nxd4 Qh4 5.Nc3 Bb4 6.Nb5 Nf6 7.Bd2 Nxe4 8.Qe2 Kd8
9.Nxe4 Re8 10.c3 Rxe4 11.Bg5+ Be7 12.Bxh4 Rxe2+ 13.Bxe2 Bxh4 14.O-O d6 15.Rfd1 Bf6
16.Na3 Be6 17.Bc4 Kd7 18.Re1 Ne5 19.Bxe6+ fxe6 20.Re2 c5 21.Rd1 d5 22.f4 Ng6
23.f5 Nf4 24.fxe6+ Kc6 25.Re3 Re8 26.Nc2 Rxe6 27.g3 Rxe3 28.Nxe3 d4 29.gxf4 dxe3
30.Kf1 b5 31.Ke2 b4 32.cxb4 Bxb2 33.bxc5 Kxc5 34.Rd7 a5 35.Rb7 Bf6 36.a4 Kd6
37.Kxe3 Ke6 38.Ra7 Bc3 39.Kd3 Be1 40.Rxg7 Kf5 41.Rf7+ Kg6 42.Re7  1-0

[Event "Petroff Mem Open"]
[Site "St Petersburg RUS"]
[Date "2000.02.10"]
[Round "4"]
[White "Najer,E"]
[Black "Ragozin,E"]
[Result "1-0"]
[WhiteElo "2572"]
[BlackElo "2475"]

1.d4 f5 2.Nf3 Nf6 3.Bg5 e6 4.c4 Bb4+ 5.Nbd2 O-O 6.e3 d6 7.Be2 b6 8.O-O Bb7
9.Nb3 d5 10.c5 bxc5 11.dxc5 c6 12.Qd4 Ba5 13.Qe5 Bc8 14.Nxa5 Qxa5 15.b4 Qd8
16.Nd4 Qe8 17.f3 a5 18.b5 cxb5 19.Bxb5 Qf7 20.Rab1 Na6 21.Bxa6 Bxa6 22.Qxe6 Bc4
23.a3 Qxe6 24.Nxe6 Rf7 25.c6 Rc8 26.Rb6 h6 27.Bxf6 Rxf6 28.Nd4 Rf7 29.Rfb1 Kh7
30.Rb8 Rxb8 31.Rxb8 Kg6 32.Rb7 Rf8 33.Rd7 Kf6 34.Rd6+ Ke7 35.Rd7+ Kf6 36.Kf2 Rc8
37.Rd6+ Kf7 38.Nxf5 Bb5 39.Rxd5  1-0

[Event "Petroff Mem Open"]
[Site "St Petersburg RUS"]
[Date "2000.02.10"]
[Round "4"]
[White "Najer,E"]
[Black "Ragozin,E"]
[Result "1-0"]
[WhiteElo "2572"]
[BlackElo "2475"]

1.d4 f5 2.Nf3 Nf6 3.Bg5 e6 4.c4 Bb4+ 5.Nbd2 O-O 6.e3 d6 7.Be2 b6 8.O-O Bb7
9.Nb3 d5 10.c5 bxc5 11.dxc5 c6 12.Qd4 Ba5 13.Qe5 Bc8 14.Nxa5 Qxa5 15.b4 Qd8
16.Nd4 Qe8 17.f3 a5 18.b5 cxb5 19.Bxb5 Qf7 20.Rfb1 Na6 21.Bxa6 Bxa6 22.Qxe6 Bc4
23.a3 Qxe6 24.Nxe6 Rf7 25.c6 Rc8 26.Rb6 h6 27.Bxf6 Rxf6 28.Nd4 Rf7 29.Rab1 Kh7
30.Rb8 Rxb8 31.Rxb8 Kg6 32.Rb7 Rf8 33.Rd7 Kf6 34.Rd6+ Ke7 35.Rd7+ Kf6 36.Kf2 Rc8
37.Rd6+ Kf7 38.Nxf5 Bb5 39.Rxd5  1-0

[Event "16th open"]
[Site "Cappelle La Grande FRA"]
[Date "2000.02.19"]
[Round "1"]
[White "Bagirov,R"]
[Black "Najer,E"]
[Result "1-0"]
[WhiteElo "2481"]
[BlackElo "2572"]

1.d4 Nf6 2.c4 g6 3.Nc3 d5 4.Nf3 Bg7 5.cxd5 Nxd5 6.e4 Nxc3 7.bxc3 O-O 8.Be2 c5
9.O-O cxd4 10.cxd4 Nc6 11.Be3 Bg4 12.d5 Ne5 13.Nxe5 Bxe2 14.Qxe2 Bxe5 15.Rad1 Bg7
16.Bd4 Bxd4 17.Rxd4 Qb6 18.Rd3 Rfd8 19.Rb3 Qc7 20.Qe3 e6 21.dxe6 fxe6 22.h4 Rd7
23.g3 b6 24.Kg2 Rc8 25.h5 Qe5 26.hxg6 hxg6 27.Rh1 Rf8 28.Rh6 Kg7 29.Rh4 Kg8
30.Rb1 Qd4 31.Qxd4 Rxd4 32.Rbh1 Ra4 33.Rh8+ Kf7 34.R8h7+ Kf6 35.f4 Rc8 36.e5+ Kf5
37.Rf7+ Ke4 38.Re1+ Kd3 39.Rd7+ Kc2 40.Rd6 Rxa2 41.Rxe6 Kb3+ 42.Kf3 Rg8 43.Rd6 Rc2
44.e6 Re8 45.g4 Rc5 46.Re3+ Kb4 47.Rd7 a5 48.e7  1-0

[Event "16th open"]
[Site "Cappelle La Grande FRA"]
[Date "2000.02.23"]
[Round "6"]
[White "Najer,E"]
[Black "Handke,F"]
[Result "1-0"]
[WhiteElo "2572"]
[BlackElo "2413"]

1.e4 c5 2.Nc3 e6 3.Nf3 a6 4.g3 b5 5.Bg2 Bb7 6.d3 Be7 7.e5 d6 8.exd6 Qxd6
9.a4 Qb6 10.O-O Nd7 11.Ng5 b4 12.a5 Qa7 13.Nce4 Ngf6 14.Nd2 h6 15.Nge4 O-O
16.Qe2 Nd5 17.Nc4 Bc6 18.f4 Qc7 19.f5 exf5 20.Rxf5 Rae8 21.Bxh6 gxh6 22.Qg4+ Kh7
23.Raf1 N7f6 24.Rxf6 Nxf6 25.Rxf6 Bxf6 26.Nxf6+ Kh8 27.Qf5 Re1+ 28.Kf2 Re2+
29.Kxe2 Re8+ 30.Kf2 Kg7 31.Qh7+ Kxf6 32.Qxh6+ Kf5 33.Bh3+  1-0

[Event "53rd ch-RUS"]
[Site "Samara RUS"]
[Date "2000.06.17"]
[Round "2"]
[White "Najer,E"]
[Black "Sergienko,S"]
[Result "1/2-1/2"]
[WhiteElo "2572"]
[BlackElo "2425"]

1.d4 Nf6 2.Nf3 g6 3.c4 Bg7 4.Nc3 d5 5.cxd5 Nxd5 6.e4 Nxc3 7.bxc3 c5 8.Rb1 O-O
9.Be2 Nd7 10.O-O Nf6 11.Bd3 b6 12.Re1 Qc7 13.d5 c4 14.Bf1 Ng4 15.h3 Ne5 16.Bf4 Bd7
17.Nxe5 Bxe5 18.Bxe5 Qxe5 19.Qd2 Rac8 20.f4 Qd6 21.Qe3 f5 22.exf5 Bxf5 23.Rbd1 Rc7
24.Rd4  1/2-1/2

[Event "IV Russian Cup Final"]
[Site "Elista RUS"]
[Date "2000.08.19"]
[Round "1"]
[White "Najer,E"]
[Black "Kruppa,Y"]
[Result "1-0"]
[WhiteElo "2597"]
[BlackElo "2582"]

1.d4 d5 2.c4 e6 3.Nc3 Be7 4.Nf3 Nf6 5.Bg5 h6 6.Bxf6 Bxf6 7.Qc2 dxc4 8.e3 c5
9.dxc5 Qa5 10.Bxc4 Qxc5 11.Ne4 Qb4+ 12.Nfd2 Nd7 13.Bb3 Be7 14.O-O O-O 15.Qc7 Bd8
16.Qf4 Qe7 17.Rac1 Nb6 18.Nd6 Qf6 19.Qe4 Qe7 20.Qf4 Qf6 21.Qe4 Qe7 22.Qd4 Bd7
23.Nf3 Bc6 24.Ne5 Bc7 25.Nxc6 Qxd6 26.Qxd6 Bxd6 27.Rfd1 Nc8 28.Nd4 a6 29.f4 Re8
30.f5 e5 31.Nf3 e4 32.Nd2 Rb8 33.Kf2 Nb6 34.Nxe4 Bxh2 35.Nd6 Bxd6 36.Rxd6 Rbc8
37.Rxc8 Nxc8 38.Rd7 Rf8 39.Rxb7 Nd6 40.Rb6 Ne4+ 41.Kf3 Nd2+ 42.Kf4 Nxb3 43.Rxb3 Rd8
44.Rb6 Rd2 45.g4 Kf8 46.a4 a5 47.b3 Ke7 48.Rb5 Rb2 49.Ke5 f6+ 50.Kd5 Rd2+
51.Kc5 Rc2+ 52.Kb6 Rg2 53.b4 Rxg4 54.bxa5  1-0

[Event "IV Russian Cup Final"]
[Site "Elista RUS"]
[Date "2000.08.20"]
[Round "2"]
[White "Popov,Val"]
[Black "Najer,E"]
[Result "1/2-1/2"]
[WhiteElo "2557"]
[BlackElo "2597"]

1.Nf3 c5 2.c4 Nc6 3.Nc3 Nd4 4.Ng1 Nc6 5.g3 g6 6.Bg2 Bg7 7.Nf3 Nh6 8.O-O Nf5
9.d3 b6 10.a3 Bb7 11.Rb1 Nh6 12.e4 Bc8 13.Ra1 Ng4 14.h3 d6 15.Ne5 Ngxe5 16.f4 O-O
17.Rb1 Bb7  1/2-1/2

[Event "IV Russian Cup Final"]
[Site "Elista RUS"]
[Date "2000.08.22"]
[Round "4"]
[White "Kosyrev,V"]
[Black "Najer,E"]
[Result "1/2-1/2"]
[WhiteElo "2512"]
[BlackElo "2597"]

1.d4 d5 2.c4 e6 3.Nc3 c6 4.e3 Bd6 5.Qc2 f5 6.Bd3 a6 7.c5 Bc7 8.f4 Nf6 9.Nf3 O-O
10.O-O Bd7 11.b4 Be8 12.a4 Nbd7 13.Bd2 Bh5 14.Ne5 Nxe5 15.fxe5 Ne4 16.b5 Qg5
17.bxc6 bxc6 18.a5 Rfb8 19.Ra3 Ra7 20.Na4 Nxd2 21.Qxd2 Bxa5 22.Qxa5 Qxe3+
23.Kh1 Qxd4 24.Qc3 Qxc3 25.Rxc3 Rb4 26.Nb6 a5 27.Ra1 f4 28.Kg1 Bg6 29.Bxg6 hxg6
30.Ra4 g5 31.h3 Kf7 32.Rca3 Rb1+ 33.Kh2 Kg6 34.Rxa5 Rxa5 35.Rxa5 Kf5 36.Nc8 d4
37.Ne7+ Ke4 38.Nxc6 d3 39.Ra2 Rb5 40.Ra4+ Ke3 41.Ra3 Ke4 42.Ra4+  1/2-1/2

[Event "IV Russian Cup Final"]
[Site "Elista RUS"]
[Date "2000.08.26"]
[Round "7"]
[White "Lastin,A"]
[Black "Najer,E"]
[Result "1/2-1/2"]
[WhiteElo "2580"]
[BlackElo "2597"]

1.e4 e5 2.Nf3 Nf6 3.d4 Nxe4 4.Bd3 d5 5.Nxe5 Nd7 6.Nxd7 Bxd7 7.O-O Qh4 8.c4 O-O-O
9.c5 g5 10.f3 Nf6 11.Be3 Bg7 12.Nc3 Rhe8 13.Bf2 Qh6 14.Qb3 g4 15.Nb5 Kb8
16.Rfe1 gxf3 17.Nd6 cxd6 18.Ba6 b6 19.cxb6 Bc6 20.bxa7+ Kxa7 21.Qa3 Bb7 22.Bxb7+ Kxb7
23.Qb4+ Ka8 24.Qa5+ Kb7 25.Qb5+ Ka7 26.Qa5+  1/2-1/2

[Event "IV Russian Cup Final"]
[Site "Elista RUS"]
[Date "2000.08.30"]
[Round "11"]
[White "Balashov,Y"]
[Black "Najer,E"]
[Result "1-0"]
[WhiteElo "2575"]
[BlackElo "2597"]

1.c4 e5 2.Nc3 Nc6 3.g3 Bb4 4.Nd5 Bc5 5.Bg2 Nge7 6.e3 O-O 7.Ne2 Nxd5 8.cxd5 Ne7
9.O-O Nf5 10.b3 d6 11.Bb2 Bb6 12.a4 Bd7 13.d4 c5 14.dxe5 dxe5 15.Bxe5 Re8
16.Bb2 Nd6 17.Nf4 Rc8 18.Rc1 Ba5 19.Nh5 f6 20.Nf4 c4 21.Ba3 Qb6 22.Bxd6 Qxd6
23.bxc4  1-0

[Event "Chigorin Mem"]
[Site "St Petersburg RUS"]
[Date "2000.11.01"]
[Round "2"]
[White "Kulikov,A"]
[Black "Najer,E"]
[Result "0-1"]
[WhiteElo "2415"]
[BlackElo "2597"]

1.Nf3 d5 2.d4 c6 3.c4 e6 4.Qc2 Nf6 5.g3 dxc4 6.Qxc4 b5 7.Qc2 Bb7 8.Bg2 Nbd7
9.O-O c5 10.a4 b4 11.a5 Rc8 12.dxc5 Bxc5 13.Qd1 O-O 14.Nbd2 Qe7 15.Nb3 Rfd8
16.Qe1 Bd6 17.a6 Bd5 18.Nfd4 Bxg2 19.Kxg2 Ne5 20.Na5 Bc5 21.Ndb3 Bb6 22.Bd2 Qd7
23.Bxb4 Qd5+ 24.Kg1 Ne4 25.Rd1 Qxd1 26.Qxd1 Rxd1 27.Rxd1 Nxf2 28.Rd6 Ne4+  0-1

[Event "Chigorin Mem"]
[Site "St Petersburg RUS"]
[Date "2000.11.02"]
[Round "3"]
[White "Najer,E"]
[Black "Yuferov,S"]
[Result "1-0"]
[WhiteElo "2597"]
[BlackElo "2436"]

1.d4 Nf6 2.Nf3 g6 3.c4 Bg7 4.Nc3 d5 5.cxd5 Nxd5 6.e4 Nxc3 7.bxc3 c5 8.Rb1 O-O
9.Be2 b6 10.O-O Bb7 11.Qd3 Ba6 12.Qe3 Qd7 13.Bxa6 Nxa6 14.Qe2 Qa4 15.d5 Bxc3
16.Rb3 Bb4 17.Ne5 Rac8 18.Rh3 c4 19.Qe3  1-0

[Event "Chigorin Mem"]
[Site "St Petersburg RUS"]
[Date "2000.11.06"]
[Round "6"]
[White "Turov,M"]
[Black "Najer,E"]
[Result "1/2-1/2"]
[WhiteElo "2539"]
[BlackElo "2597"]

1.d4 Nf6 2.c4 e6 3.Nc3 Bb4 4.Qc2 O-O 5.a3 Bxc3+ 6.Qxc3 Ne4 7.Qc2 f5 8.Nf3 b6
9.g3 Bb7 10.Bg2 Nf6 11.O-O Be4 12.Qc3 Qe8 13.b4 d6 14.Re1 Nbd7 15.Bf1 Rc8
16.Nd2  1/2-1/2